| 000 | 00000nam##2200000za#4500 |
| 001 | 9.601760 |
| 003 | CaOODSP |
| 005 | 20210624210228 |
| 007 | cr ||||||||||| |
| 008 | 150406|2008||||xxc|||||o f|0| 0 fre|d |
| 022 | |a1919-3815 |
| 040 | |aCaOODSP|bfre |
| 043 | |an-cn--- |
| 086 | 1 |aFs70-7/2008-011F-PDF |
| 110 | 1 |aCanada. |bMinistère des pêches et des océans. |bRégion du Centre et de l'Arctique. |
| 245 | 10|aRecommandations sur l'utilisation d'engins fixes pour la pêche au flétan noir dans la baie Cumberland |h[ressource électronique] |
| 246 | 17|aRéponse des Sciences : Engins fixes dans la pêche au flétan noir de la baie Cumberland |
| 260 | |aOttawa - Ontario : |bPêches et Océans Canada. |cOctobre 2008. |
| 300 | |a17p.|bcartes (certaines en couleur), références, tableaux |
| 490 | 1 |aSecrétariat canadien de consultation scientifique - réponse des sciences |x1919-3815|v2008/011, Région du Centre et de l'Arctique |
| 590 | |a11-28-Supp|b2011-11-17 |
| 775 | 08|tFixed gear recommendations for the Cumberland Sound Greenland halibut fishery |w(CaOODSP)9.571121 |
| 830 | #0|aRéponse des sciences (Secrétariat canadien de consultation scientifique)|x1919-3815|v2008/011, Région du Centre et de l'Arctique|w(CaOODSP)9.502630 |
| 856 | 40|ahttp://publications.gc.ca|qPDF|s587 Ko|uhttps://publications.gc.ca/collections/collection_2011/mpo-dfo/Fs70-7-2008-011-fra.pdf|y2008/011, Région du Centre et de l'Arctique |